000 00384nam a2200169Ia 4500
003 GCL
008 140319s9999 xx 000 0 eng d
040 _aGCL /
_cGCL
082 0 4 _a945
_bC S
100 1 _aCORONA, MARINO
245 1 0 _aSTAGIONED ITLAIA /
_cCORONA, MARINO
300 _a110
650 0 4 _aITALY
650 0 4 _aGUIDE BOOKS
650 0 4 _aITALIAN BOOKS
942 _2ddc
_cBK
999 _c15535
_d15535